| 000 | 00548nam a2200169 i 4500 | ||
|---|---|---|---|
| 001 | 89672 | ||
| 003 | ES-MaACL | ||
| 005 | 20251118153315.0 | ||
| 007 | t| | ||
| 008 | 050112s1905 sp ||||1| spa d | ||
| 100 | 1 |
_aLasso de la Vega y Cortezo, Javier. _970480 |
|
| 245 | 1 | 0 |
_aEvocaciones _b: poesías / _cde Javier Lasso de la Vega y Cortezo ; con un prólogo de Mario Méndez Bejarano. |
| 260 |
_aSevilla : _b[s.n., _c1905] |
||
| 700 | 1 |
_aMéndez Bejarano, Mario, _d1857-1931 _980142 |
|
| 852 |
_aES-MaACL _jT-1084-F-3 |
||
| 999 |
_c89672 _d89672 |
||